| 000 | 00419nam a2200145Ia 4500 | ||
|---|---|---|---|
| 008 | 220214s9999 xx 000 0 und d | ||
| 022 | _a0007-4853 | ||
| 245 | 0 | _aBULLETIN OF ENTOMOLOGICAL RESEARCH | |
| 260 |
_bCommonwealth Institute of Entomology, London _aUK |
||
| 310 | _aQ | ||
| 500 | _aEnding Volume & Year: 75, 1985 | ||
| 500 | _aMissing Volume: 61;62 | ||
| 500 | _aStarting Volume & Year: 56, 1965 | ||
| 942 | _cBJ | ||
| 999 |
_c1284 _d1284 |
||